[Event "Stuttgart-chA int"]
[Site "Gerlingen"]
[Date "2011.06.03"]
[Round "3"]
[White "Demel, Paul"]
[Black "Schnepel, Thomas"]
[Result "1-0"]
[WhiteElo "2140"]
[BlackElo "1964"]
[PlyCount "65"]
[EventDate "2011.06.02"]
[EventType "swiss"]
[EventRounds "7"]
[EventCountry "GER"]
[SourceTitle "EXT 2018"]
[Source "ChessBase"]
[SourceDate "2017.10.13"]
[SourceVersion "1"]
[SourceVersionDate "2017.10.13"]
[SourceQuality "1"]

1. e4 c5 2. Nf3 Nc6 3. d4 cxd4 4. Nxd4 Nf6 5. Nc3 e5 6. Ndb5 d6 7. Bg5 a6 8. Na3 b5 9. Bxf6 gxf6 10. Nd5 f5 11. c3 Bg7 12. exf5 Bxf5 13. Nc2 0-0 14. Nce3 Be6 15. Bd3 f5 16. Qh5 e4 17. Bc2 Ne7 18. Nf4 Bf7 19. Qh3 Ng6 20. Nh5 Be6 21. 0-0 Qg5 22. Bxe4 Rae8 23. f4 Qe7 24. Bxf5 Bxf5 25. Nxf5 Qa7+ 26. Kh1 Bf6 27. Nh6+ Kh8 28. Ng4 Bd8 29. f5 Ne5 30. f6 Nf7 31. Nf4 Kg8 32. Qg3 Ng5 33. Nh6+ 1-0